000 00511nam a2200181Ia 4500
008 230711s9999||||xx |||||||||||||| ||und||
020 _a978-93-86235-21-3
041 _aENG
082 _a621.38275
_bRA-F
100 _aRaghuwanshi. Sanjeev Kumar
245 0 _aFiber Optic Communication
_bOptical Waveguides, Devices and Applications
250 _a1st Ed.
260 _c2018
_aNew Delhi
_bUniversities Press
300 _a608p.
650 _aElectronics Engineering
700 _aKumar, Santosh
942 _cBK
999 _c6971
_d6971